| 000 | 00396 a2200157 4500 | ||
|---|---|---|---|
| 001 | 85494 | ||
| 020 | _a1590702247 | ||
| 082 | _a671 WAL | ||
| 090 |
_c40147 _d40146 |
||
| 100 | _aJohn R Walker | ||
| 245 |
_aModern Metal Working 9/ed _hEnglish |
||
| 250 | _a9 | ||
| 260 |
_aTinley Park _bThe goodheart Willcox Company _c2004 |
||
| 300 |
_a672p _bPhotocopy |
||
| 505 |
_aIE Textbook _gAHQ Books |
||
| 942 |
_acaenust _cIE _k671 WAL |
||
| 999 |
_c320567 _d320567 |
||